Carregant...

Mohan Rakesh ke natak kathya aur shilp paksh/

Dades bibliogràfiques
Autor principal: Gomathi Amma
Format: Printed Book
Publicat: Madura: Jawahar Pusthakalaya, 2009.
LEADER 00371 a2200109 4500
100 |a Gomathi Amma 
245 |a Mohan Rakesh ke natak kathya aur shilp paksh/  |c Gomathi Amma 
260 |a Madura:  |b Jawahar Pusthakalaya,  |c 2009. 
300 |a 64p. 
942 |2 ddc  |c BK 
999 |c 237586  |d 237586 
952 |0 0  |1 0  |4 0  |7 0  |9 263829  |a HIN  |b HIN  |c ST1  |d 2011-06-07  |i 21434  |l 0  |p HIN21434  |r 2014-02-07  |w 2014-02-07  |y BK